| 000 | 00579nam a22001937a 4500 | ||
|---|---|---|---|
| 003 | DO-SdBNP | ||
| 005 | 20171127145833.0 | ||
| 008 | 171127b 1991 sp a|| |||| 00| 0 spa d | ||
| 020 | _a8460601676 | ||
| 040 |
_aBPMSU _bspa _cBPMSU |
||
| 082 |
_axxxxxx _bxxxxxx |
||
| 100 | 1 | _aDíaz-Plaja, Fernando | |
| 245 | 1 | 3 |
_aEl español y su automovil / _cFernando Díaz-Plaja |
| 260 |
_aEspaña : _bDirección General de Tráfico, _c1991. |
||
| 300 |
_a123 p. : _bil. ; _c24 cm. |
||
| 942 |
_2ddc _cBK |
||
| 945 | _aInventariado extranjero / 2017 BT | ||
| 956 |
_aBTAVAREZ _b10 _c20171127 _d0038 |
||
| 999 |
_c13138 _d13138 |
||